00518nam a2200181Ia 4500100002000000650002400020250000600044942000700050366000700057654002400064245002400088260002700112082000800139300000800147546001200155999001700167952015200184 aRodgers/Glen E  aInorganic Chemistry a3 cBK f25 ainorganic chemistry aInorganic Chemistry bCengage Learningc2012 bROD a624 aENGLISH c18396d18396 001040708CRCaCRCEb428d2023-03-17eAllied Publisherg449.25i892 dt 09.01.2018l1o RODp25119r2025-05-07s2025-03-12v599.00w0000-00-00yBK